Συστήματα περιβαλλοντικής διαχείρισης - περιβαλλοντικά πρότυπα τουριστικής επιχείρησης. Μελέτη περίπτωσης: Χίος και η εφαρμογή τους : διπλωματική εργασία
Αποθηκεύτηκε σε:
| Κύριος συγγραφέας: | |
|---|---|
| Συγγραφή απο Οργανισμό/Αρχή: | |
| Άλλοι συγγραφείς: | |
| Μορφή: | Thesis Βιβλίο |
| Γλώσσα: | Greek |
| Δημοσίευση: |
2011
|
| Θέματα: | |
| Διαθέσιμο Online: | http://hdl.handle.net/11610/11513 |
| Ετικέτες: |
Προσθήκη ετικέτας
Δεν υπάρχουν, Καταχωρήστε ετικέτα πρώτοι!
|
MARC
| LEADER | 00000cam a2200000 i 4500 | ||
|---|---|---|---|
| 001 | 1/22078 | ||
| 008 | 120720s2011 gre d | ||
| 035 | |l 10112990 | ||
| 040 | |a GR-MY-UA |b gre |e aacr | ||
| 041 | 0 | |a gre | |
| 082 | 0 | |a 363.70218 |2 (22) | |
| 100 | 1 | |a Γιαννόπαπας, Ιωάννης. | |
| 245 | 1 | 0 | |a Συστήματα περιβαλλοντικής διαχείρισης - περιβαλλοντικά πρότυπα τουριστικής επιχείρησης. Μελέτη περίπτωσης: Χίος και η εφαρμογή τους : |b διπλωματική εργασία / |c Ιωάννης Γιαννόπαπας ; επιβλέπων καθηγητής Ανδρέας Παπαθεοδώρου |
| 260 | |c 2011 | ||
| 300 | |a 162 σ.; |b διαγρ.; |c 30 εκ. | ||
| 502 | |a Διατριβή (μεταπτυχιακή) – Πανεπιστήμιο Αιγαίου, Χίος, 2011. | ||
| 504 | |a Βιβλιογραφία: σ.159-162 | ||
| 650 | 0 | 0 | |a Environmental protection |x Management |x Standards. |
| 650 | 0 | |a Environmental policy |z Greece |z Chios (Municipality) | |
| 650 | 0 | 0 | |a International Organization for Standarization. |
| 650 | 0 | 0 | |a ISO 14001 Standard. |
| 650 | 0 | 0 | |a Hazard Analysis and Critical Control Point (Food safety system) |
| 650 | 0 | 0 | |a Tourism |z Greece |z Chios (Municipality) |
| 650 | 0 | 0 | |a Dissertations, Academic |z Greece. |
| 700 | 1 | |4 ths |a Papatheodorou, Andreas, |d 1974- | |
| 710 | 2 | |a Πανεπιστήμιο Αιγαίου |b Σχολή Επιστημών της Διοίκησης |b Τμήμα Διοίκησης Επιχειρήσεων |b Πρόγραμμα Μεταπτυχιακών Σπουδών "Σχεδιασμός, Διοίκηση και Πολιτική του Τουρισμού". | |
| 852 | |a INST |b CHIOS |c DIATR |e 20120720 |h 363.70218 ΓΙΑ |p 005200033442 |q 005200033442 |t MTXE |y 23 | ||
| 852 | |a INST |b CHIOS |c DIATR |e 20120723 |h 363.70218 ΓΙΑ |p 005200033443 |q 005200033443 |t MTXE |y 23 | ||
| 856 | |u http://hdl.handle.net/11610/11513 | ||
| 901 | |a BIBL2-2012-2 | ||
| 909 | |a Χ |b 175150 | ||
| 909 | |a Χ |b 175151 | ||
| 924 | |a ΓΙΑΝΝΟΠΑΠΑΣ |b ΙΩΑΝΝΗΣ |y ΧΙΟΣ |z 2011-10 | ||
| 970 | |a ΣΠΕΝΤΖΑ |b ΕΛΕΝΗ |z 2012/07/20 | ||